Longman advanced American dictionary (Record no. 41431)

MARC details
000 -LEADER
fixed length control field 00362nam a2200157Ia 4500
020 ## - INTERNATIONAL STANDARD BOOK NUMBER
ISBN 978405829540
050 ## - CALL MARK
Classification number PE 1628 .L576/
245 #0 - TITLE STATEMENT
Title Longman advanced American dictionary
260 ## - PUBLICATION, DISTRIBUTION, ETC. (IMPRINT)
Place of publication Harlow
260 ## - PUBLICATION, DISTRIBUTION, ETC. (IMPRINT)
Name of publisher Longman
300 ## - PHYSICAL DESCRIPTION
Number of Pages 863 p
650 ## - SUBJECT ADDED ENTRY--TOPICAL TERM
Topical Term Harlow
942 ## - ADDED ENTRY ELEMENTS (KOHA)
Koha item type Books
Holdings
Withdrawn status Lost status Source of classification or shelving scheme Damaged status Not for loan Permanent Location Current Location Shelving location Date acquired Accession Number Price effective from Koha item type
    Library of Congress Classification     NILE UNIVERSITY OF NIGERIA - MAIN LIBRARY NILE UNIVERSITY OF NIGERIA - MAIN LIBRARY Items on shelf 06/03/2025 0011911 06/03/2025 Books